000 00759nam a2200253Ia 4500
003 OSt
005 20220928111224.0
006 a|||||r|||| 00| 0
007 ta
008 220927b |||||||| |||| 00| 0 hin d
020 _c200
024 _a126660
037 _b461, 16/02/2015, Kiran Book Service
_cTextual
040 _aSDCL
_cSDCL
_bhin
041 _2hin
_ahin
082 _aO152,3N58:g, Q4
100 _aTiwari Malchand
_9422846
245 0 _aBorunda diary
_b Apratim bijji ka vida-geet
260 _aNew Delhi
_bRajkamal Prakshan Pvt.Ltd
_c2014
300 _a7;160p
_ccm.
650 _aHindi
_9391598
942 _hO152,3N58:g, Q4
_cTEXL
_2CC
999 _c739284
_d739284